Detalles MARC
| 000 -LEADER |
| fixed length control field |
01841nam a2200241Ia 4500 |
| 003 - CONTROL NUMBER IDENTIFIER |
| control field |
OSt |
| 005 - DATE AND TIME OF LATEST TRANSACTION |
| control field |
20210728132808.0 |
| 008 - FIXED-LENGTH DATA ELEMENTS--GENERAL INFORMATION |
| fixed length control field |
210310s1998 ck ad fr 100 0 spa d |
| 020 ## - INTERNATIONAL STANDARD BOOK NUMBER |
| International Standard Book Number |
9374407865 |
| 040 ## - CATALOGING SOURCE |
| Original cataloging agency |
CO-JMCR |
| Transcribing agency |
CO-JMCR |
| 041 0# - LANGUAGE CODE |
| Language code of text/sound track or separate title |
spa |
| 082 04 - DEWEY DECIMAL CLASSIFICATION NUMBER |
| Classification number |
332.672 / |
| Item number |
S612s |
| Edition number |
23 |
| 111 2# - MAIN ENTRY--MEETING NAME |
| Meeting name or jurisdiction name as entry element |
Simposio Nacional de Administradores de Portafolios de inversión |
| Number of part/section/meeting |
( 1er : |
| Date of meeting or treaty signing |
abril 22, 23 y 24 : |
| Location of meeting |
Medellín) |
| 9 (RLIN) |
38833 |
| 245 10 - TITLE STATEMENT |
| Title |
I Simposio Nacional de Administradores de Portafolios de Inversión : |
| Remainder of title |
memorias / |
| Statement of responsibility, etc. |
Asociación de Fiduciarias |
| 250 ## - EDITION STATEMENT |
| Edition statement |
Primera edición |
| 260 ## - PUBLICATION, DISTRIBUTION, ETC. |
| Place of publication, distribution, etc. |
Medellín : |
| Name of publisher, distributor, etc. |
Asociación de Fiduciarias, |
| Date of publication, distribution, etc. |
1998 |
| 300 ## - PHYSICAL DESCRIPTION |
| Extent |
161 páginas : |
| Other physical details |
ilustraciones y gráficas a blanco y negro ; |
| Dimensions |
28 cm. |
| 505 0# - FORMATTED CONTENTS NOTE |
| Title |
Colombia frente a la globalización de los mercados de capitales internacionales / |
| Statement of responsibility |
Leonardo Villar Gómez |
| Title |
Administración de portafolios de alta calidad y estándares de rendimiento / |
| Statement of responsibility |
Claudio Brocado |
| Title |
Asimetría de la regulación y arbitrajes / |
| Statement of responsibility |
Néstor Humberto Martínez Neira |
| Title |
Aspectos neurálgicos de la gestión y desarrollo del manejo de portafolios en Colombia / |
| Statement of responsibility |
Gabriel Flórez Blair, Álvaro Jaramillo Escallón, Juan Pablo Córdoba Garcés, Mauricio Amador Andrade, Augusto Acosta Torres, Hugo Díaz Baez |
| Title |
Posibilidades de desarrollo del mercado de capitales en el entorno colombiano: La visión de las Bolsas / |
| Statement of responsibility |
Augusto Acosta Torres, Julián Domínguez Rivera, Luis Fernando Uribe Restrepo |
| Title |
La aplicación de los derivados como herramienta de cubrimiento en la gestión de portafolios / |
| Statement of responsibility |
Christopher A. Hessel |
| 650 14 - SUBJECT ADDED ENTRY--TOPICAL TERM |
| Topical term or geographic name entry element |
Portafolio de inversiones |
| 9 (RLIN) |
16361 |
| General subdivision |
Congresos, conferencias, etc. |
| Geographic subdivision |
Colombia |
| 650 24 - SUBJECT ADDED ENTRY--TOPICAL TERM |
| Topical term or geographic name entry element |
Mercado de capitales |
| General subdivision |
Congresos, conferencias, etc. |
| Geographic subdivision |
Colombia |
| 9 (RLIN) |
38834 |
| 650 24 - SUBJECT ADDED ENTRY--TOPICAL TERM |
| Topical term or geographic name entry element |
Bolsa de valores |
| General subdivision |
Congresos, conferencias, etc. |
| Geographic subdivision |
Colombia |
| 9 (RLIN) |
38835 |
| 942 ## - ADDED ENTRY ELEMENTS (KOHA) |
| Source of classification or shelving scheme |
Dewey Decimal Classification |
| Koha item type |
Books |